000 00480nam a2200157Ia 4500
999 _c19955
_d19955
003 OSt
005 20200608151332.0
008 190216s9999||||xx |||||||||||||| ||und||
040 _coclc
082 _a327.091724
_bVAR/I
100 _aVarma, S P
_92511
245 0 _aInternational System And The Third World /
_cS P Varma
260 _bVikas Publishing House,
_c1988.
_aNew Delhi:
300 _a382p
942 _cBK
_2ddc
_h327.091724
_iVAR/I
_k327.091724
_mVAR/I